00637 2200169 4500245008600000020002200086250001000108100002200118650003500140005001900175260004100194041001400235084001100249500016300260490003500423336000900458 aEnsiklopedia Nabi Muhammad SAW Sebagai Pendidik Volume 7cZAIDAH KUSUMAWATIhText a978-979-3535-84-5 aCet.1 aZAIDAH KUSUMAWATI aEnsiklopedia Nabi Muhammad SAW a20231124111107 aJakartabPT Ikrar Mandiriabadic2011 aIndonesia a297.03 aDaftar Isi : Nabi Mhammad SAW sebagai pendidik, Teladan Nabi Muhammad SAW dalam mendidik anak, Analisa Metode Pendidikan Nabi Muhammad SAW: Tinjauan Konseling aEnsiklopedia Nabi Muhammad SAW atext